01369nam a2200241Ia 4500001000900000003001000009008004100019040002500060041001300085100001300098245005100111250001100162260006300173300002700236500025700263501011400520520025700634650002300891942000700914957000600921999004200927952015800969L140-950IT-CnALBA170116s9999||||xx |||||||||||||| ||und|| aIT-CnALBAcIT-CnALBA aITALIANO aMARET E. 0aSAGGIO SUL PANTEISMO NELLE SOCIETÀ MODERNE.  a1a ed. aMILANObPIROTTA E C. LIBR. E TIPOG. c1842 [1° Ed.: n.d.] a364 p. (prefazione: 7) aRAZIONALISMO E PANTEISMO IN FRANCIA NEL SECOLO XIX. MISTICISMO COME PANTEISMO. OPPOSIZIONE TRA CATTOLICESIMO E PANTEISMO. CONFUTAZIONE E SPIEGAZIONE DEL PANTEISMO. PANTEISMO IN RAPPORTO ALL'UMANITÀ. CATTOLICESIMO. OBBIEZIONI CONTRO IL CATTOLICESIMO.  aSocietà San Paolo EM - Piazza San Paolo, 14 - 12051 ALBA (CN) (non commercial uses only) ® Copyright 2017 aRAZIONALISMO E PANTEISMO IN FRANCIA NEL SECOLO XIX. MISTICISMO COME PANTEISMO. OPPOSIZIONE TRA CATTOLICESIMO E PANTEISMO. CONFUTAZIONE E SPIEGAZIONE DEL PANTEISMO. PANTEISMO IN RAPPORTO ALL'UMANITÀ. CATTOLICESIMO. OBBIEZIONI CONTRO IL CATTOLICESIMO.  aSISTEMI FILOSOFICI cBK 71 a1042bSI g Copie: 1 c260179d260179 0010406L_14095071aALBAbALBAd2017-01-16l0oL140-950r2017-01-16 00:00:00w2017-01-16yBKz(data import: 16 gennaio 2017) - By Epidotti, Vaglietti.